Geopolitical importance of Central Europe (V4) and its prospects international scientific conference
Saved in:
| Other Authors: | , |
|---|---|
| Format: | Book |
| Language: | English |
| Published: |
Banská Bystrica
Fakulta politických vied a medzinárodných vzťahov UMB
2002
|
| Series: | Scientific script
Vol. 5 |
| Subjects: | |
| Tags: |
No Tags, Be the first to tag this record!
|
MARC
| LEADER | 00000nam a2200000 4500 | ||
|---|---|---|---|
| 001 | c142061 | ||
| 005 | 20221124095025.4 | ||
| 020 | |a 80-8055-732-2 | ||
| 041 | 0 | |a eng | |
| 044 | |a SK | ||
| 245 | 1 | 0 | |a Geopolitical importance of Central Europe (V4) and its prospects |b international scientific conference |c [Edited by: František Briška, Zoltán Pástor] |
| 264 | 1 | |a Banská Bystrica |b Fakulta politických vied a medzinárodných vzťahov UMB |c 2002 | |
| 300 | |a 283 s. | ||
| 490 | 1 | |a Scientific script |v Vol. 5 | |
| 830 | 0 | |a Scientific script |v Vol. 5 | |
| 610 | 2 | 0 | |a integrácia ekonomická medzinárodná |
| 610 | 2 | 0 | |a spolupráca cezhraničná |
| 610 | 2 | 0 | |a regióny |
| 610 | 2 | 0 | |a politika regionálna |
| 610 | 2 | 0 | |a transformácia |
| 610 | 2 | 0 | |a história |
| 610 | 2 | 0 | |a osobnosť |
| 610 | 2 | 0 | |a správa verejná |
| 610 | 2 | 0 | |a kultúra |
| 610 | 2 | 0 | |a financovanie |
| 610 | 2 | 0 | |a spolupráca medzinárodná |
| 610 | 2 | 0 | |a terorizmus |
| 610 | 2 | 0 | |a politika zahraničná |
| 610 | 2 | 0 | |a reformy |
| 610 | 2 | 0 | |a energetika |
| 610 | 2 | 0 | |a globalizácia |
| 610 | 2 | 0 | |a vojenstvo |
| 610 | 2 | 0 | |a menšiny národnostné |
| 610 | 2 | 0 | |a obdobie prechodné |
| 610 | 2 | 0 | |a komunizmus |
| 610 | 2 | 0 | |a práva ľudské |
| 610 | 2 | 0 | |a banky obchodné |
| 610 | 2 | 0 | |a podnik |
| 610 | 2 | 0 | |a konkurencia |
| 610 | 2 | 0 | |a bezpečnosť európska |
| 610 | 2 | 0 | |a stredná Európa |
| 610 | 2 | 0 | |a Európska únia |
| 610 | 2 | 0 | |a Slovensko |
| 610 | 2 | 0 | |a Poľsko |
| 610 | 2 | 0 | |a Maďarsko |
| 610 | 2 | 0 | |a Veľká Británia |
| 610 | 2 | 0 | |a východná Európa |
| 610 | 2 | 0 | |a Vyšehradská štvorka |
| 610 | 2 | 0 | |a Hodža, M. |
| 700 | 1 | |a Briška, František | |
| 700 | 1 | |a Pástor, Zoltán | |